Verträglich kernwaffenfreie Länder - Statistiken

Allgemein
  • Dieses Quiz wurde 6 mal gespielt
  • Das Durchschnittsergebnis liegt bei 86 aus 116
Antwortstatistiken
Verträglich kernwaffenfreie Länder % Korrekt
Algerien
100%
Libyen
100%
Mali
100%
Marokko
100%
Niger
100%
Somalia
100%
Tschad
100%
Ägypten
80%
Andorra
80%
Angola
80%
Argentinien
80%
Äthiopien
80%
Australien
80%
Belize
80%
Bolivien
80%
Brasilien
80%
Brunei
80%
Chile
80%
Demokratische Republik Kongo
80%
Mexiko
80%
Dominikanische Republik
80%
Ecuador
80%
Elfenbeinküste
80%
El Salvador
80%
Eritrea
80%
Fidschi
80%
Gabun
80%
Ghana
80%
Guinea
80%
Guinea-Bissau
80%
Guyana
80%
Honduras
80%
Indonesien
80%
Jamaika
80%
Kambodscha
80%
Kamerun
80%
Kasachstan
80%
Kenia
80%
Kolumbien
80%
Laos
80%
Lesotho
80%
Liberia
80%
Malaysia
80%
Mauretanien
80%
Mauritius
80%
Myanmar
80%
Namibia
80%
Neuseeland
80%
Nicaragua
80%
Nigeria
80%
Panama
80%
Papua-Neuguinea
80%
Paraguay
80%
Peru
80%
Republik Kongo
80%
Ruanda
80%
Samoa
80%
Seychellen
80%
Sierra Leone
80%
Simbabwe
80%
Singapur
80%
Südafrika
80%
Sudan
80%
Südsudan
80%
Suriname
80%
Tadschikistan
80%
Tansania
80%
Thailand
80%
Togo
80%
Tunesien
80%
Turkmenistan
80%
Uruguay
80%
Usbekistan
80%
Venezuela
80%
Vietnam
80%
Antigua und Barbuda
60%
Äquatorialguinea
60%
Bahamas
60%
Barbados
60%
Benin
60%
Botswana
60%
Burkina Faso
60%
Burundi
60%
Costa Rica
60%
Dominica
60%
Dschibuti
60%
Eswatini
60%
Gambia
60%
Grenada
60%
Guatemala
60%
Haiti
60%
Kap Verde
60%
Kirgistan
60%
Kiribati
60%
Komoren
60%
Kuba
60%
Madagaskar
60%
Malawi
60%
Marshallinseln
60%
Mikronesien
60%
Mosambik
60%
Philippinen
60%
Salomonen
60%
Sambia
60%
Senegal
60%
St. Kitts und Nevis
60%
St. Lucia
60%
St. Vincent und die Grenadinen
60%
Tonga
60%
Trinidad und Tobago
60%
Tuvalu
60%
Uganda
60%
Vanuatu
60%
Zentralafrikanische Republik
60%
Mongolei
40%
São Tomé und Príncipe
40%
Keine übereinstimmenden Quizze gefunden
Verteilung der Resultate
Anzahl Personen mit jedem Resultat
Perzentil nach korrekt beantworteten Fragen
Ihre Resultats-Entwicklung
Sie haben dieses Quiz noch nicht gespielt